000
00237nam a2200109Ia 4500
008
220204s9999 xx 000 0 und d
082
_a
82-3
_b
MAR
100
_a
William
245
0
_a
Gelignite
260
_a
London
_b
Pan
_c
1978
942
_c
BK
999
_c
28815
_d
28815